Responses for show #2182 - Tuesday, February 15, 1994

1994 Teen Tournament quarterfinal game 2.

Contestants

Valerie Volcovici, a sophomore from Eastchester, New York

Carsten Reichel, a senior from Rome, Georgia

Jesse Irwin, a senior from Orange, Connecticut

Jeopardy! Round responses

MATH
SOAP OPERAS
RELIGION
TEENS IN HISTORY
U.S. POSTAGE STAMPS
CROSSWORD CLUES "F"
    $100 1
9

Jesse
    $100 6
Beverly Hills 90210

Jesse
    $100 17
(Jesse: [Selecting the clue] I'll finish off RELIGION.)
(Alex: I'm not sure I like the way you said that.)
[Laughter]

Buddhism

Carsten
    $100 11
Joan of Arc

Jesse
    $100 25
Rhode Island

Jesse
    $100 13
a frankfurter

Carsten
    $200 2
a circle

Carsten
    $200 24
Luke & Laura

Jesse
    $200 10
Catholicism

Valerie
    $200 18
Pocahontas

Carsten
    $200 23
a dog sled

Valerie
    $200 14
a feather

Jesse
    $300 5
the hypotenuse

Valerie
    $300 28
All My Children

Valerie
    $300 7
Voodoo

Jesse
    $300 19
Queen Isabella

Valerie
    $300 22
Carnegie Hall

Jesse
    $300 12
a fad

Carsten
    $400 4
25 cents

Carsten
    $400 29
Loving

Jesse
    $400 8
the Quakers

Jesse
    $400 20
(Valerie: Marie Antoinette?)

the Marquis de Lafayette

JesseValerie
    $400 26
painting

Jesse
    $400 15
the future

Jesse
    $500 3
perpendicular lines

Jesse
    $500 30
The Bold and the Beautiful

Triple Stumper
    $500 9
Islam

Jesse
    $500 21
(Jesse: Who is Jane?)
(Alex: More specific.)
...
(Alex: There are a lot of Janes in British history, as you know.)

Lady Jane Grey

Jesse
    $500 27
Julia Ward Howe

Triple Stumper
    $500 16
a Freudian slip

Jesse

Scores at the first commercial break (after clue 16):

Jesse Carsten Valerie
$3,100 $1,000 $500

Scores at the end of the Jeopardy! Round:

Jesse Carsten Valerie
$5,400 $1,300 $900

Double Jeopardy! Round responses

GEOGRAPHY
CRAFTS
THE SUPREME COURT
OPERA
FOOD & DRINK
ENGLISH LIT.
    $200 16
the Gulf of Mexico

Carsten
    $200 19
a candle

Jesse
    $200 8
President Washington

Jesse
    $200 1
The Fall of the House of Usher

Jesse
    $200 13
peanut butter

Valerie
    $200 12
Robert Louis Stevenson

Carsten
    $400 7
the Gobi Desert

Carsten
    $400 18
a kiln

Jesse
    $400 17
(Ruth) Ginsburg

Jesse
    $400 4
(Jesse: What is the Netherlands?)

Belgium

Jesse
Triple Stumper
    $400 2
(Carsten: What is PepsiCo?)

the Coca-Cola Company

JesseCarsten
    $400 6
blank verse

Jesse
    $600 9
the Hudson Bay

Jesse
    $600 3
mosaic

Carsten
    $600 15
Clarence Thomas

Jesse
    $600 5
Orpheus

Jesse
    $600 10
cheese

Jesse
    $600 11
gothic

Triple Stumper
    $800 20
(Valerie: What is Iceland?)

Denmark

CarstenValerie
    $800 22
origami

Valerie
    $800 28
FDR

Jesse
    $800 29
Handel

Carsten
    $800 14
parsley

Jesse
    $800 24
(Sir Walter) Scott

Carsten
    $1000 21
the Rhine

Jesse
    $1000 23
lapidary

Triple Stumper
    $5 27
(Jesse: What is Secretary of State?)
[Alex read "CJ" as "Chief Justice".]

Secretary of the Treasury

Jesse
    $1000 30
Porgy and Bess

Jesse
    $1000 25
the trout

Jesse
    $5 26
Sir Walter Raleigh

Jesse

Scores at the end of the Double Jeopardy! Round:

Jesse Carsten Valerie
$14,200 $4,700 $1,100
(lock game)

Final Jeopardy! Round responses

WORLD LEADERS
(Alex: Who is Carmine Grannucci?)
(Jesse: He was an Italian leader.)
(Alex: An Italian leader?)
(Jesse: A shot in the dark.)
ValerieWho is Noriega?
$1,099
CarstenWho is Saddam Hussein?
$4,700
JesseWho was Carmine Grannucci
$0
Noriega

Final scores:

Jesse Carsten Valerie
$14,200 $0 $2,199
Automatic semifinalist 3rd place: $1,000 if eliminated 2nd place: $1,000 if eliminated

Game dynamics:

Coryat scores:

Jesse Carsten Valerie
$15,200 $4,700 $1,100
34 R
(including 2 DDs),
2 W
(including 1 DD)
13 R,
1 W
7 R,
2 W

Combined Coryat: $21,000

The J! Archive is created by fans, for fans. The Jeopardy! game show and all elements thereof, including but not limited to copyright and trademark thereto, are the property of Jeopardy Productions, Inc. and are protected under law. This website is not affiliated with, sponsored by, or operated by Jeopardy Productions, Inc. Join the discussion at JBoard.tv.